বাংলাদেশের উন্নয়নের ইতিহাস : (Record no. 72733)
[ view plain ]
| 000 -LEADER | |
|---|---|
| fixed length control field | 01104nam a2200241 a 4500 |
| 001 - CONTROL NUMBER | |
| control field | 72733 |
| 003 - CONTROL NUMBER IDENTIFIER | |
| rucl marc code | BD-RjUL |
| 005 - DATE AND TIME OF LATEST TRANSACTION | |
| control field | 20211209082313.0 |
| 008 - FIXED-LENGTH DATA ELEMENTS--GENERAL INFORMATION | |
| fixed length control field | 170523s1999 bg a|||| |||| 000 0 ben d |
| 020 ## - INTERNATIONAL STANDARD BOOK NUMBER | |
| Terms of availability | : Tk. 250.00 |
| 035 ## - SYSTEM CONTROL NUMBER | |
| System control number | (BD-RjUL)72951 |
| 040 ## - CATALOGING SOURCE | |
| Original cataloging agency | BD-RjUL |
| Language of cataloging | ben |
| Transcribing agency | BD-RjUL |
| Modifying agency | BD-RjUL |
| 041 ## - LANGUAGE CODE | |
| Language code of text/sound track or separate title | ben |
| 082 ## - DEWEY DECIMAL CLASSIFICATION NUMBER | |
| Edition number | 23 |
| Classification number | 954.92 |
| Author mark and year | HAB 1999 |
| 100 1# - MAIN ENTRY--PERSONAL NAME | |
| Personal name | হায়দার, আবুল কাশেম |
| 9 (RLIN) | 215143 |
| 245 10 - TITLE STATEMENT | |
| Title | বাংলাদেশের উন্নয়নের ইতিহাস : |
| Remainder of title | নওয়াব সলীমুল্লাহ থেকে খালেদা জিয়া / |
| Statement of responsibility, etc. | আবুল কাশেম হায়দার এবং সোহেল মাহমুদ |
| 260 ## - PUBLICATION, DISTRIBUTION, ETC. (IMPRINT) | |
| Place of publication, distribution, etc. | ঢাকা : |
| Name of publisher, distributor, etc. | প্যাণোরমা পাবলিকেশন, |
| Date of publication, distribution, etc. | ১৯৯৯ [১৪০৬] |
| 300 ## - PHYSICAL DESCRIPTION | |
| Pagination | ৪৫৪ পৃ. : |
| Illustrations | চিত্র. ; |
| Size | ২৭ সেমি. |
| 651 ## - SUBJECT ADDED ENTRY--GEOGRAPHIC NAME | |
| Geographic name | বাংলাদেশ |
| General subdivision | ইতিহাস |
| 9 (RLIN) | 215144 |
| Geographic name | Bangladesh |
| General subdivision | History |
| 9 (RLIN) | 215145 |
| 700 ## - ADDED ENTRY--PERSONAL NAME | |
| Personal name | মাহমুদ, সোহেল |
| 942 ## - ADDED ENTRY ELEMENTS (KOHA) | |
| Source of classification or shelving scheme | Dewey Decimal Classification |
| Koha item type | Books |
| Lost status | Source of classification or shelving scheme | Damaged status | Not for loan | Collection code | Permanent Location | Current Location | Shelving location | Date acquired | Source of acquisition | Cost, normal purchase price | Total Checkouts | Full call number | Date last seen | Copy number | Koha item type |
|---|---|---|---|---|---|---|---|---|---|---|---|---|---|---|---|
| Dewey Decimal Classification | Not For Loan | Non-fiction | Central Library, University of Rajshahi | Central Library, University of Rajshahi | Reading Room | 12/03/2000 | Dept. Political Science | 250.00 | B 954.92 HAB 1999 | 23/05/2017 | C-1 | Books |